Bovine Pokémon - Statistics

General Stats
  • This quiz has been taken 18 times
  • The average score is 3 of 8
Answer Stats
Hint Answer % Correct
I Tauros
93%
II Miltank
87%
V Bouffalant
53%
VII Tapu Bulu
13%
Tauros Paldea (Aqua)
7%
Tauros Paldea (Blaze)
7%
IX Tauros Paldea (Combat)
7%
Terrakion
7%
No matching quizzes found
Score Distribution
Percent of People with Each Score
Percentile by Number Answered
Your Score History
You have not taken this quiz